| 000 | 00676cam a2200253 4500 | ||
|---|---|---|---|
| 008 | 090401t1990 xxu||||| |||| 00| 0 eng d | ||
| 020 | _a0854064729 | ||
| 035 | _a(Sirsi) u51717 | ||
| 041 | _aeng | ||
| 050 | _a630.026 | ||
| 090 | _a630.026 | ||
| 090 | _aRICS 1990/42ABCD | ||
| 100 | _aKey, T.M.T. | ||
| 245 | _aFarm diversification projects | ||
| 260 |
_aLondon _bRoyal Institution of Chartered Surveyors _c1990 |
||
| 300 | _a9p. ; 30cm. | ||
| 350 | _a3 | ||
| 520 | _aWITHDRAWN FROM PUBLICATION (1996). RICS Rural Practice Division. | ||
| 650 | _aALTERNATIVE ENTERPRISES | ||
| 650 | _aGUIDANCE NOTES | ||
| 650 | _aRICS | ||
| 942 | _n0 | ||
| 948 | _c04/03/1997 | ||
| 999 |
_c92939 _d92939 |
||